000 00428nam a2200169Ia 4500
008 090123s9999 xx 000 0 und d
082 _b5592
100 _aजोशी आशा
245 _aइसापनिती
250 _a0
300 _a136
600 _aजोशी आशा
630 _aइसापनिती
700 _aजोशी आशा
730 _aइसापनिती
942 _cBOOK
999 _c43656
_d43656